000 00501nam a2200193 a 4500
001 3483670
005 20240129021726.0
008 931217s1993 ii b b 001 0 eng
020 _a8170130999 :
040 _aDLC
_cDLC
082 _222
_a305.8.
_bKAM.
100 1 _aASAD Kamil M.N.M.
245 1 4 _aThe Muslims of Sri Lanka under the British rule /
_cby M.N.M. Kamil Asad.
260 _aNew Delhi :
_bNavrang,
_c1993.
300 _a166 p. :
650 0 _aMuslims
650 0 _aBritish
942 _cL
999 _c207
_d207